000 00257nam a2200109Ia 4500
008 231212s1967 xx 000 0 und d
041 _aeng
082 _a621.3841
100 _aGupta M.L.
245 _aElectronics and Radio
260 _aDelhi
_bDanapat
_c1967
999 _c958984
_d958984